Proceedings /

Guardado en:
Autores Corporativos: Annual symposium on foundations of computer science Palo Alto, California), IEEE Computer Society. Technical Committee on Mathematical Foundations of Computing.
Formato: Libro
Idioma:English
Publicado: Los Alamitos, Calif. : IEEE Computer Society, c1998.
Etiquetas: Agregar Etiqueta
Sin Etiquetas, Sea el primero en etiquetar este registro!
LEADER 00973nam a22001935a 4500
001 MAT.inmabb004143
008 070212s1998####caua#####b####101#0#eng#d
005 20160519151852.0
245 1 0 |a Proceedings /  |c 39th Annual Symposium on Foundations of Computer Science, November 8-11, 1998, Palo Alto, California ; sponsored by IEEE Computer Society Technical Committee on Mathematical Foundations of Computing. 
260 |a Los Alamitos, Calif. :  |b IEEE Computer Society,  |c c1998. 
300 |a xiv, 745 p. :  |b il. ;  |c 28 cm. 
504 |a Incluye referencias bibliográficas e índice de autores. 
020 |a 0818691727 
022 |a 0272-5428 
111 2 |a Annual symposium on foundations of computer science  |n (39º :  |d 1998 :  |c Palo Alto, California) 
710 2 |a IEEE Computer Society.  |b Technical Committee on Mathematical Foundations of Computing. 
246 1 8 |a 39th Symposium on Foundations of Computer Science 
084 |a 68-06  |2 msc2000 
859 |h 68  |i An615-39  |p A-7588  |b BIB. MATEMATICA